Influencia de la ductibilidad global asignada sobre el diseño de marcos de madera laminada
Đã lưu trong:
| Tác giả chính: | |
|---|---|
| Định dạng: | Sách |
| Ngôn ngữ: | Spanish |
| Được phát hành: |
[San José , Costa Rica]
2017
|
| Những chủ đề: | |
| Các nhãn: |
Thêm thẻ
Không có thẻ, Là người đầu tiên thẻ bản ghi này!
|
MARC
| LEADER | 00000nam a22000007a 4500 | ||
|---|---|---|---|
| 003 | 7895 | ||
| 005 | 20221231144243.0 | ||
| 008 | 171013b2017 cr a|||| m||| 00| ||spa d | ||
| 040 | |c cru CEDI | ||
| 090 | |a TFG 7895 | ||
| 100 | |9 10123 |a Rodríguez Jiménez, Carlos Alberto | ||
| 245 | |a Influencia de la ductibilidad global asignada sobre el diseño de marcos de madera laminada | ||
| 260 | |a [San José , Costa Rica] |c 2017 | ||
| 300 | |a xix, 97 hojas ; ilustraciones | ||
| 500 | |a Proyecto de graduación (licenciatura en ingeniería civil)--Universidad de Costa Rica. Facultad de Ingeniería. Escuela de Ingeniería Civil | ||
| 650 | |x CONSTRUCCIONES ANTISISMICAS |x ANALISIS ESTRUCTURAL (INGENIERIA) |x MARCOS ESTRUCTURALES |x DUCTILIDAD |x MADERA LAMINADA |9 1550 | ||
| 942 | |c TFG | ||
| 999 | |c 19115 |d 19115 | ||
